000 00525nam a2200229Ia 4500
003 IT-RoPAU
005 20220918175723.0
008 120407s9999 xx 000 0 und d
040 _aIT-RoPAU
040 _cIT-RoPAU
041 _aita
100 _aAndrea Gennaro
_935532
245 _aIsterectomia. Liceità dell’estirpazione di utero gravido canceroso
250 _aTorino
260 _aBerruti
260 _c1943
300 _a165 p.
300 _c23 cm
490 _v1
942 _cBK
_2ddc
999 _c26786
_d26786